00801nam a2200217 i 450000100060000000300090000600500170001500700030003200800410003502000170007608000110009324501310010426000500023530000380028565000160032370000340033971000380037385200330041199900170044495201220046166874ES-MaACL20230906165854.0t|040416s2000 no ||||1| eng d a92-9006-01-1 a355.1900aPeace is possible b: choosing our common future : human security or military destruction? / cFredrik S. Heffermehl (editor). aOslo : bInternational Peace Bureau, c[2000] a146 p. : bfot., retr. ; c21 cm.14aPaz.9158981 aHeffermehl, Fredrik S.9623112 aInternational Peace Bureau.95276 aES-MaACLjL-27346 bR.132940 c66874d66874 00104070aATENEOMbATENEOMcDEPO2d2008-01-17eSCl0oL-27346p1070043r2023-02-23 00:00:00w2023-02-23yMONOGRAFIA